Statistics for Game Decoder

Click here to take the quiz!

General Stats

  • This quiz has been taken 49 times
  • The average score is 5 of 8

Answer Stats

QuestionAnswer% Correct
The Only Country that starts with a vowel and that no other country starts with the same vowelOman
85%
It is a country in Europe and a city has 40% of its entire population, and some famous gods are born hereGreece
83%
Which country has most people who has a last name of "Kardashian?"Armenia
73%
The Only country in Africa that has over 200 million peopleNigeria
73%
One of those -stan countries that has over 11 billion exports and less than 20 billionUzbekistan
60%
Country in the Carribean with the longest nameSt. Vincent and The Grenadines
53%
Game NameAmong Us
50%
India, Sri Lanka, and ...Maldives
50%

Score Distribution

Percentile by Number Answered

Percent of People with Each Score

Your Score History

You have not taken this quiz